Soubor řešených příkladů z finančního řízení podniků

Bibliographic Details
Main Author: Mařík, Miloš (Author)
Format: Book
Language:Czech
PhysicalDescription:103 s. 29 cm
Published: Praha Vysoká škola ekonomická 1993
ISBN:8070793864
Edition:Dotisk 1. vyd.

MARC

LEADER 00000nam a2200000 a 4500
001 vtls001140958
003 SK-MaSNL
005 20260301153911.0
008 250414s1993 CS 0 cze
020 |a 8070793864 
035 |a SNK000083811 
040 |a SNK  |b slo  |c SNK  |e AACR2 
041 0 |a cze 
044 |a [CS] 
080 |a 658.14/.15(075.8)(076.5)  |2 1981 
100 1 |a Mařík, Miloš  |4 aut  |9 357967 
245 1 0 |a Soubor řešených příkladů z finančního řízení podniků  |c Miloš Mařík 
250 |a Dotisk 1. vyd. 
260 |a Praha  |b Vysoká škola ekonomická  |c 1993 
300 |a 103 s.  |c 29 cm 
852 |a Slovenská národná knižnica 
919 |a 80-7079-386-4 
954 |a podniky  |a hospodárenie finančné 
999 |c 794879  |d 796809 
952 |t P60, <04>, [BOOK], {604}  |a SNK  |b SNK  |y VYP  |7 0  |p 17A0215669  |o snkIB 68560  |0 0  |1 0  |4 0  |d 1999-10-27  |l 0  |r 2005-01-01 00:00:00  |w 2026-02-24